| 000 | 00730nam a2200205 a 4500 | ||
|---|---|---|---|
| 001 | 4032 | ||
| 003 | CO-ViMGA | ||
| 008 | 141112s2004 ck r 000 u spa d | ||
| 040 |
_aCO-ViMGA _bspa _cCO-ViMGA |
||
| 082 | 0 | 4 | _aCo863.44 M874s |
| 100 | 1 |
_aMutis, Alvaro _92830 |
|
| 245 | 1 | 0 |
_aSiete novelas : _bempresas y tribulaciones de magroll el gobierno |
| 250 | _a4a | ||
| 260 |
_aSantafé de Bogotá : _bAlfaguara, _c1977 |
||
| 300 | _a717 p | ||
| 500 | _aContenido : La nieve del almirante; Ilona llega con la lluvia; Un bel morir; La última escala del tramp steamer; Amirbar; Abdul bashur, soñador de navios; Triptico de mar y tierra. | ||
| 590 | _aEjemplares : 2 | ||
| 650 | 1 | 4 |
_aNOVELA COLOMBIANA _91193 |
| 942 |
_2ddc _cBK |
||
| 999 |
_c16048 _d16048 |
||